Music Quiz

Random Music or Bands Quiz

Finish the Song with a Band Quiz Stats

 Plays Quiz Updated Nov 14, 2019

Score 0/16 Timer 04:00
21 Plays Today
Question Answer Wrong Answers
ABBA
Dancing ____
Queen
95.2%
The Who
2.5%
Celine Dion
My ____ Will Go On
Heart
93.2%
Gnarls Barkley
4.4%
Elton John
____ the Bride
Kiss
93%
Insane Clown Posse
4.6%
LL Cool J
Soul ____
Survivor
92.9%
The Beatles
4.6%
The Who
Amazing ____
Journey
87.6%
Daft Punk
9.8%
The Everly Brothers
____ City
Kansas
85%
Eurthymics
12.2%
Irving Berlin
God Bless ____
America
84.2%
Weezer
12.9%
Sweet
Love Is ____ ____
The Cure
80.2%
Green Day
17%
Dropkick Murphys
I'm Shipping Up To ____
Boston
78.8%
Coldplay
18.2%
The White Stripes
Little ____ Soda
Cream
75.8%
Rolling Stones
21.2%
Guns N' Roses
Civil ____
War
75.5%
Tragically Hip
21.6%
Crazy Horse
After the Gold ____
Rush
73.3%
Red Hot Chili Peppers
23.9%
My Chemical Romance
Party ____
Poison
70.8%
Maroon 5
26.5%
Ozzy Osbourne
Crazy ____
Train
70.6%
Snow Patrol
26.7%
Sammy Hagar
____ Fly
Eagles
63.8%
Barednaked Ladies
33%
Styx
Back to ____
Chicago
61.3%
Santana
35.6%

You're not logged in!

Compare scores with friends on all Sporcle quizzes.
OR
Log In

Sporcle TV

Today on Sporcle TV


Watch our educational content, quiz creation guides, and fun videos on Sporcle TV.

Show Comments

Extras

Top Quizzes Today


Score Distribution

Your Account Isn't Verified!

In order to create a playlist on Sporcle, you need to verify the email address you used during registration. Go to your Sporcle Settings to finish the process.

Report this User

Report this user for behavior that violates our Community Guidelines.

Details: